01424cam a22003135a 45000010009000000050017000090080041000260200018000670200015000850400092001000820025001922450135002172600054003523000034004065000026004405040041004666500063005076500048005706500076006186510010006946530025007047000027007297000029007567000036007859420008008219990017008299520132008469520132009781813426820161106154617.0140430s2014 stka b 001 0 eng d a9780748647613 a0748647619 aUKMGBbengcUKMGBdOCLCOdBTCTAdYDXCPdBDXdCDXdMEAUCdLTSCAdNLEdLOAdDLCdEG-ScBUE04a332.1091767222bISL00aIslamic banking and financial crisis :breputation, stability and risks /cedited by Habib Ahmed, Mehmet Asutay and Rodney Wilson. aEdinburgh :bEdinburgh University Press,cc.2014. axii, 244 p. :bill. ;c24 cm. aIndex : p. [234]-244. aIncludes bibliographical references. 7aBanks and bankingxReligious aspectsxIslam.2BUEsh932829 7aFinancial criseszIslamic countries.2BUEsh 7aFinancial services industryxRisk managementzIslamic countries.2BUEsh 2BUEsh bBUSADMcNovember20161 aAhmed, Habib,eeditor.1 aAsutay, Mehmet,eeditor.1 aWilson, Rodney,eeditor.938534 2ddc c23037d23009 00102ddc40708BaccahaMAINbMAINc1STd2016-11-06ePurchaseg1250.00l0o332.1091767 ISLp000033018r2025-07-15 00:00:00yBB 00102ddc40708BaccahaMAINbMAINc1STd2016-11-06ePurchaseg1250.00l0o332.1091767 ISLp000033017r2025-07-15 00:00:00yBB